书目信息 |
| 题名: |
细胞治疗
|
|
| 作者: | 加西亚-奥默 ;章静波 主译 | |
| 分册: | ||
| 出版信息: | 北京 人民军医出版社 2011 |
|
| 页数: | 390 | |
| 开本: | 29cm | |
| 丛书名: | ||
| 单 册: | ||
| 中图分类: | R61 | |
| 科图分类: | ||
| 主题词: | 外科手术 | |
| 电子资源: | ||
| ISBN: | 7-5091-4222-6 | |
| 000 | 00620nam0 2200193 450 | |
| 001 | 1735846483 | |
| 005 | 20170410095726.48 | |
| 010 | @a7-5091-4222-6@b精装@d¥178.00 | |
| 100 | @a20170410d km y0chiy0120 ea | |
| 101 | 0 | @achi |
| 200 | 1 | @a细胞治疗@Axi bao zhi liao@f加西亚-奥默等@Fjia xi ya-ao mo deng@g章静波主译@Gzhang jing bo zhu yi |
| 210 | @a北京@c人民军医出版社@d2011 | |
| 215 | @a390@c彩图@d29cm | |
| 606 | 0 | @a外科手术 |
| 690 | @aR61@v4 | |
| 701 | 0 | @a加西亚-奥默@Ajia xi ya-ao mo |
| 702 | 0 | @a章静波@Azhang jing bo@4主译 |
| 801 | 0 | @aCN@b大连网信软件有限公司图书馆·11@c20170410 |
| 905 | @b6604431@dR61@en1@f1 | |
| 细胞治疗/加西亚-奥默等/章静波主译.-北京:人民军医出版社,2011 |
| 390:彩图;29cm |
| ISBN 7-5091-4222-6(精装):¥178.00 |
| ● |
| 相关链接 |
|
|
|
|
正题名:细胞治疗
索取号:R61/n1
 
预约/预借
| 序号 | 登录号 | 条形码 | 馆藏地/架位号 | 状态 | 备注 |
| 1 | 6604431 | 266044318 | 密集书库-生命科学系/ [索取号:R61/n1] | 在馆 |